000 00594nam a2200193Ia 4500
005 20250923145010.0
008 008 250917s9999 xx 000 0 eng d
037 _aTextual
040 _aDSWL
_beng
_cDSWL
041 _aeng
_2eng
084 _aT:3(Yx).N55t4, N58
_qDSWL
245 0 _aTraining for social work third international survey
_cby United Nations
260 _aNew York
_b United Nations of Eco. & Social affairs
_c1958
300 _aVIII,349 p.
365 _aUSD
_b2.5
925 _g2.5
942 _cTEXL
_hT:3(Yx).N55t4, N58
999 _c1445869
_d1445869